| 000 | 00583nam a2200229 a 4500 | ||
|---|---|---|---|
| 999 |
_c5765 _d5765 |
||
| 001 | 5765 | ||
| 003 | BD-JhCC | ||
| 005 | 20171221093721.0 | ||
| 008 | 171221s19481963e |||| || | 001 0 eng d | ||
| 035 | _a(BD-JhCC)5765 | ||
| 040 |
_aBD-JhCC _dBD-JhCC |
||
| 041 | _aeng | ||
| 082 |
_a428 _bGOW 1963 |
||
| 100 | _aGowers, Sir Ernest | ||
| 245 |
_aThe Complete Plain Words / _cSir Ernest Gowers, |
||
| 260 |
_aLondon : _bPenguin Books, _c1963. |
||
| 300 |
_a272 p. : _c18 cm. |
||
| 504 | _aIncludes Bibliography | ||
| 650 | _aEnglish Labguage | ||
| 942 |
_2ddc _cBK |
||